000 00588cam a22002291 4500
001 sa 68017974
003 DLC
005 20260227112707.0
008 891025s1966 ce c 000 1 tamo
010 _asa 68017974
035 _a(OCoLC)20547715
040 _aDLC
_cWaU
_dDLC
042 _apremarc
050 0 0 _aPL4758.8
_b.R3
100 1 _aRahman, Mohmed Abdul,
_d1934-
245 1 0 _aRacikar kul̲u pōṭṭik kataikaḷ.
260 _c[1966]
300 _a76 p.
_bports.
_c22 cm.
500 _aIn Tamil.
650 0 _aShort stories, Tamil.
700 0 _aHakkiya Racikar Kul̲u.
999 _c88103
_d88103